Odas Olimpicas
Αποθηκεύτηκε σε:
| Κύριος συγγραφέας: | |
|---|---|
| Άλλοι συγγραφείς: | , |
| Μορφή: | Βιβλίο |
| Γλώσσα: | Greek Spanish |
| Δημοσίευση: |
Atenas :
Sociedad Griega de Tipografia,
2004.
|
| Θέματα: | |
| Ετικέτες: |
Προσθήκη ετικέτας
Δεν υπάρχουν, Καταχωρήστε ετικέτα πρώτοι!
|
MARC
| LEADER | 00000cam a2200000 i 4500 | ||
|---|---|---|---|
| 001 | 1/78046 | ||
| 008 | 080320s2004 gr | ||| |||| ||gre|| | ||
| 020 | |a 9608815606 | ||
| 035 | |l 10095638 | ||
| 040 | |a GR-MY-UA |b gre |e aacr | ||
| 041 | 1 | |a gre |a spa | |
| 082 | 7 | |a 884.01 |2 (22) | |
| 100 | 0 | |a Πίνδαρος, |d π. 518-π. 438. | |
| 245 | 1 | 0 | |a Odas Olimpicas / |c Pindaro ; traduccion Emilio Suarez de la Torre ; introduccion William H. Race. |
| 260 | |a Atenas : |b Sociedad Griega de Tipografia, |c 2004. | ||
| 300 | |a xxx, 146 σ. : |b εικ. ; |c 30 εκ. | ||
| 500 | |a Αρχαιοελληνικό κείμενο με ισπανική μετάφραση σε αντικριστές σελίδες. | ||
| 600 | 0 | 0 | |a Πίνδαρος, |d π. 518-π. 438. |
| 650 | 0 | 0 | |a Olympic games (Ancient) |x Poetry. |
| 650 | 0 | 0 | |a Athletics |z Greece |x Poetry. |
| 650 | 0 | 0 | |a Mythology, Greek |x Poetry. |
| 650 | 0 | 0 | |a Poetry, Ancient |z Greece. |
| 700 | 1 | |a Suarez de la Torre, Emilio, |e trl | |
| 700 | 1 | |a Race, William H., |d 1943- |e aui | |
| 852 | |a INST |b RHODES |e 20080320 |h 884.01 ΠΙΝ |p 005400029568 |q 005400029568 |t BK |y 0 | ||
| 901 | |a BIBL4-2008-1 | ||
| 909 | |a Ρ |b 150038 | ||
| 970 | |a ΧΑΡΙΟΠΟΛΙΤΟΥ |b ΚΩΝΣΤΑΝΤΙΝΑ |z 2008/03/20 | ||